| 000 -ლიდერი |
| ფიქსირებული სიგრძის საკონტროლო ველი |
02950nam a22002777a 4500 |
| 003 - საკონტროლო ნომრის იდენტიფიკატორი |
| საკონტროლო ველი |
Ge_BSU |
| 005 - ბოლო ოპერაციის თარიღი და დრო |
| საკონტროლო ველი |
20230531123058.0 |
| 008 - ფიქსირებული სიგრძის მონაცემთა ელემენტები - ზოგადი ინფორმაცია |
| ფიქსირებული სიგრძის საკონტროლო ველი |
230531s2019 ge ||||| |||| 00| 0 geo d |
| 020 ## - წიგნის საერთაშორისო სტანდარტული ნომერი |
| International Standard Book Number |
9789941963698 |
| 041 ## - ენის კოდი |
| Language code of text/sound track or separate title |
geo |
| 080 ## - უნივერსალური ათობითი კლასიფიკაციის ინდექსი |
| Universal Decimal Classification number |
929(479.22) გ-51 |
| 245 ## - ცნობა სათაურის შესახებ |
| Title |
გიორგი მელიქიშვილი 100 = Giorgi Melikishvili 100 : |
| Remainder of title |
მემუარული ჩანაწერები, ისტორიული ეტიუდები, მოსაზრებანი, სტატიები პერიოდულ პრესაში, მიმოწერა ქართველ და უცხოელ მეცნიერებთან / |
| Statement of responsibility, etc |
შემდგენლები: ირინე მელიქიშვილი, ლია მელიქიშვილი, ნინო მელიქიშვილი, სოფიო სარჯველაძე ; რედაქტორები: ნინო მელიქიშვილი, სოფიო სარჯველაძე ; შესავალი წერილი: ნანა ხაზარაძე, როინ მეტრეველი ; საქართველოს მეცნიერებათა ეროვნული აკადემია, კორნელი კეკელიძის სახელობის საქართველოს ხელნაწერთა ეროვნული ცენტრი. |
| 264 ## - წარმოების, გამოცემის, დისტრიბუციის და სხვა ცნობები |
| გამოცემის, წარმოების, დისტრიბუციის... ადგილი |
თბილისი, |
| გამოცემის, წარმოების, დისტრიბუციის... თარიღი |
2019. |
| 300 ## - ფიზიკური აღწერა |
| Extent |
352 : |
| Other physical details |
ფოტ. ; |
| Dimensions |
24 სმ. |
| 504 ## - BIBLIOGRAPHY, ETC. NOTE |
| Bibliography, etc |
გ. მელიქუშვილის ნაშრომების ბიბლ. გვ. 337-351 |
| 653 ## - INDEX TERM--UNCONTROLLED |
| Uncontrolled term |
მელიქიშვილი, გიორგი, 1918-2002 |
| 653 ## - INDEX TERM--UNCONTROLLED |
| Uncontrolled term |
ქართული მემუარული ლიტერატურა. |
| 653 ## - INDEX TERM--UNCONTROLLED |
| Uncontrolled term |
გამოჩენილ ქართველ ადამიანთა ბიოგრაფიები. |
| 700 ## - ADDED ENTRY--PERSONAL NAME |
| Personal name |
მელიქიშვილი, ლია |
| Relator term |
შემდგენელი |
| 9 (RLIN) |
159 |
| 700 ## - ADDED ENTRY--PERSONAL NAME |
| Personal name |
მელიქიშვილი, ნინო, |
| Relator term |
შემდგენელი, რედაქტორი. |
| 9 (RLIN) |
10761 |
| 700 ## - ADDED ENTRY--PERSONAL NAME |
| Personal name |
სარჯველაძე, სოფიო, |
| Relator term |
შემდგენელი, რედაქტორი. |
| 9 (RLIN) |
18356 |
| 700 ## - ADDED ENTRY--PERSONAL NAME |
| Personal name |
ხაზარაძე, ნანა, |
| Relator term |
შესავლის ავტორი. |
| 9 (RLIN) |
18357 |
| 700 ## - ADDED ENTRY--PERSONAL NAME |
| Personal name |
მეტრეველი, როინ, |
| Relator term |
შესავლის ავტორი. |
| 9 (RLIN) |
18358 |
| 710 ## - ADDED ENTRY--CORPORATE NAME |
| Corporate name or jurisdiction name as entry element |
საქართველოს მეცნიერებათა ეროვნული აკადემია. |
| Subordinate unit |
კორნელი კეკელიძის სახელობის საქართველოს ხელნაწერთა ეროვნული ცენტრი. |
| 9 (RLIN) |
18359 |
| 942 ## - ADDED ENTRY ELEMENTS (KOHA) |
| Source of classification or shelving scheme |
|
| Koha item type |
წიგნი |